书目信息 |
| 题名: |
卢梭哲理美文集
|
|
| 作者: | 李瑜青 , 尤奇炎 编 | |
| 分册: | ||
| 出版信息: | 合肥 安徽文艺出版社 1997.05 |
|
| 页数: | 405页 | |
| 开本: | 20cm | |
| 丛书名: | 大师哲理美文系列丛书 | |
| 单 册: | ||
| 中图分类: | B565.26 | |
| 科图分类: | ||
| 主题词: | 卢梭,J.J.(1712~1778)--哲学 , 卢梭,J.J.(1712~1778) | |
| 电子资源: | ||
| ISBN: | 7-5396-1506-0 | |
| 000 | 00717nam0 2200241 45 | |
| 001 | 0111260921 | |
| 005 | 20050322145914.6 | |
| 010 | @a7-5396-1506-0@dCNY15.80 | |
| 100 | @a20011126d1997 km y0chiy0120 ea | |
| 101 | 0 | @achi |
| 105 | @ay z 000yy | |
| 200 | 1 | @a卢梭哲理美文集@ALu Suo Zhe Li Mei Wen Ji@f李瑜青,尤奇炎编@FLi Yu Qing,You Qi Yan Bian |
| 210 | @a合肥@c安徽文艺出版社@d1997.05 | |
| 215 | @a405页@d20cm | |
| 225 | @a大师哲理美文系列丛书 | |
| 410 | @12001 @a大师哲理美文系列丛书 | |
| 606 | 0 | @a卢梭,J.J.(1712~1778)@x哲学 |
| 606 | 0 | @a卢梭,J.J.(1712~1778) |
| 690 | @aB565.26@v3 | |
| 701 | 0 | @a李瑜青@4编 |
| 701 | 0 | @a尤奇炎@4编 |
| 801 | @aCN@bTSTC@c20011126 | |
| 905 | @dB565.26@e24@b283130@f1 | |
| 卢梭哲理美文集/李瑜青,尤奇炎编.-合肥:安徽文艺出版社,1997.05 |
| 405页;20cm.-(大师哲理美文系列丛书) |
| ISBN 7-5396-1506-0:CNY15.80 |
| ● |
| 相关链接 |
|
|
|
|
正题名:卢梭哲理美文集
索取号:B565.26/24
 
预约/预借
| 序号 | 登录号 | 条形码 | 馆藏地/架位号 | 状态 | 备注 |
| 1 | 0283127 | 002831270 | 第一借阅区/ [索取号:B565.26/24] | 在馆 | |
| 2 | 0283128 | 002831289 | 第一借阅区/ [索取号:B565.26/24] | 在馆 | |
| 3 | 0283129 | 002831298 | 第一借阅区/ [索取号:B565.26/24] | 在馆 | |
| 4 | 0283130 | 002831305 | 第一借阅区/ [索取号:B565.26/24] | 在馆 | |
| 5 | 0283131 | 002831314 | 第一样本阅览室/ [索取号:B565.26/24] | 在馆 |